Super Mario Strikers Series Team Captains - Statistics

General Stats
  • This quiz has been taken 96 times
    54 since last reset
  • The average score is 14 of 18
Answer Stats
GCN Wii Switch Answer % Correct
Mario
100%
Peach
100%
Bowser
98%
Luigi
98%
Daisy
96%
Wario
94%
Waluigi
89%
Bowser Jr.
85%
Toad
85%
Yoshi
85%
Rosalina
83%
Donkey Kong
81%
Birdo
79%
Diddy Kong
77%
Shy Guy
64%
Pauline
62%
Petey Piranha
53%
Super Team
21%
No matching quizzes found
Score Distribution
Percent of People with Each Score
Percentile by Number Answered
Your Score History
You have not taken this quiz since the last reset